000 00522cam a2200217ua 4500
001 10026
005 20260515114545.0
008 170321n ii |||gr||||Z||||||asm
020 _a8123716087
040 _cMAIN
041 _aasm
082 _a362.1
100 _aAgarwal, Anil,
_eAuthor.
245 _aKetbur sadharan asukh bisukh
_cBy Anil Agarwal
260 _aNew Delhi:
_bNBT,
_c1996.
300 _a86p.
653 _aDisease
653 _aDisease
700 _aGoswami, Mihir Kumar,
_eTranslator.
942 _cBK
999 _c9017
_d9017